[Event "France - Open A"]
[Site "Chartres"]
[Date "2019.08.18"]
[Round "2.38"]
[White "Weill, Roland"]
[Black "Dubuisson, Samuel"]
[Result "1-0"]
[WhiteElo "2146"]
[BlackElo "1996"]
[PlyCount "41"]
[EventDate "2019.08.??"]
[EventType "swiss"]
[EventRounds "9"]
[EventCountry "FRA"]
[WhiteTeam "Echiquier Centre Vaucluse "]
[BlackTeam "Amicale Laique de Molinghem"]

1. Nf3 d5 2. b3 Bg4 3. Bb2 Nd7 4. e3 e5 5. Be2 Bd6 6. c4 c6 7. cxd5 cxd5 8. Nc3
Ngf6 9. O-O a6 10. d4 e4 11. Ne5 h5 12. h3 Bxe2 13. Qxe2 Nxe5 14. dxe5 Bxe5 15.
Rad1 Qa5 16. Nxd5 Bxb2 17. Qxb2 Nxd5 18. Qe5+ Kf8 19. Rxd5 Qxa2 20. Rfd1 Kg8
21. Rd8+ 1-0

[Event "France - Open A"]
[Site "Chartres"]
[Date "2019.08.18"]
[Round "2.39"]
[White "Roux, Baptiste"]
[Black "Logie, Marc"]
[Result "1-0"]
[WhiteElo "2130"]
[BlackElo "1980"]
[PlyCount "85"]
[EventDate "2019.08.??"]
[EventType "swiss"]
[EventRounds "9"]
[EventCountry "FRA"]
[WhiteTeam "Corsica Chess Club"]
[BlackTeam "Club d'Echecs du Vesinet"]

1. e4 d6 2. d4 Nf6 3. Nc3 e5 4. Nge2 Nbd7 5. f3 c6 6. Be3 Be7 7. g4 exd4 8.
Nxd4 Ne5 9. Be2 h6 10. h3 Qc7 11. f4 Ng6 12. Bf3 Nh4 13. Qe2 Nxf3+ 14. Qxf3 Be6
15. O-O-O O-O-O 16. Qf2 b6 17. Qe2 Rhe8 18. Nxe6 fxe6 19. h4 d5 20. e5 Nd7 21.
Bf2 Rf8 22. Bg3 b5 23. f5 b4 24. fxe6 Nc5 25. Na4 Nxe6 26. Qd3 Nf4 27. Bxf4
Rxf4 28. Qg6 Re4 29. Rhe1 Rxe1 30. Rxe1 Bxh4 31. Rf1 Be7 32. Rf7 Qxe5 33. Qxc6+
Kb8 34. Qb5+ Ka8 35. Qc6+ Kb8 36. Qb5+ Ka8 37. Rf1 Rc8 38. Qa6 Qc7 39. Nb6+ Kb8
40. Nxc8 Qxc8 41. Qb5+ Ka8 42. Qxd5+ Kb8 43. Qe5+ 1-0

[Event "France - Open A"]
[Site "Chartres"]
[Date "2019.08.18"]
[Round "2.40"]
[White "Caloone, Thomas"]
[Black "Fischer, Thorange"]
[Result "1-0"]
[WhiteElo "2111"]
[BlackElo "1979"]
[PlyCount "79"]
[EventDate "2019.08.??"]
[EventType "swiss"]
[EventRounds "9"]
[EventCountry "FRA"]
[WhiteTeam "Lille Université Club Echiquier du Nord"]
[BlackTeam "Clichy-Echecs-92"]

1. e4 e6 2. d4 d5 3. exd5 exd5 4. Nf3 Bd6 5. Bd3 Ne7 6. Qe2 h6 7. c4 dxc4 8.
Bxc4 O-O 9. O-O c6 10. Nc3 Bg4 11. Ne4 Nd5 12. Re1 Bb4 13. Bd2 Bxd2 14. Nexd2
Nd7 15. Bxd5 cxd5 16. Qb5 Nb6 17. Ne5 Be6 18. Nb3 Rc8 19. Nc5 Rc7 20. a4 Qc8
21. b3 Nd7 22. Nxe6 fxe6 23. Nxd7 Rxd7 24. Rxe6 Qc3 25. Rf1 Rff7 26. Qc5 Qxb3
27. Qxa7 Kh7 28. a5 Rc7 29. Qb6 Qa4 30. Qb1+ Kg8 31. Rfe1 Qxd4 32. Re8+ Rf8 33.
Rxf8+ Kxf8 34. Qf5+ Qf6 35. Qxd5 Rc2 36. f4 g5 37. Qxb7 Qxf4 38. Qe7+ Kg8 39.
Qe8+ Kg7 40. Re7+ 1-0

[Event "France - Open A"]
[Site "Chartres"]
[Date "2019.08.18"]
[Round "2.41"]
[White "Brouard, Gregoire"]
[Black "Serralta, Michel"]
[Result "1-0"]
[WhiteElo "1979"]
[BlackElo "2103"]
[PlyCount "65"]
[EventDate "2019.08.??"]
[EventType "swiss"]
[EventRounds "9"]
[EventCountry "FRA"]
[WhiteTeam "J.E.E.N."]
[BlackTeam "USAM Echiquier Brestois"]

1. d4 Nf6 2. c4 g6 3. Nc3 Bg7 4. Nf3 O-O 5. g3 d5 6. cxd5 Nxd5 7. Bg2 Nb6 8.
O-O Nc6 9. e3 Re8 10. Nh4 Bd7 11. Rb1 Qc8 12. b3 Bh3 13. Bb2 Bxg2 14. Nxg2 e6
15. Qe2 Nd5 16. Rfd1 a5 17. a3 Bf8 18. Rbc1 Bg7 19. Na4 Nf6 20. e4 Rb8 21. f3
Qd8 22. Ne3 Qe7 23. Kg2 h5 24. Nc5 Bh6 25. d5 Nd8 26. Bxf6 Qxf6 27. Nd7 Qg5 28.
f4 Qe7 29. Nxb8 f5 30. e5 Nf7 31. dxe6 Qxe6 32. Nd7 Bg7 33. Qc4 1-0

[Event "France - Open A"]
[Site "Chartres"]
[Date "2019.08.18"]
[Round "2.42"]
[White "Peltrault, Frederic"]
[Black "Gautier, Joel"]
[Result "0-1"]
[WhiteElo "2101"]
[BlackElo "1975"]
[PlyCount "128"]
[EventDate "2019.08.??"]
[EventType "swiss"]
[EventRounds "9"]
[EventCountry "FRA"]
[WhiteTeam "La tour de Juvisy"]
[BlackTeam "Ass des joueurs d'Echecs du Barreau de Paris"]

1. b3 f5 2. Bb2 e6 3. Nf3 Nf6 4. g3 b6 5. Bg2 Bb7 6. O-O Be7 7. c4 O-O 8. d4 d6
9. Nc3 Ne4 10. Nxe4 fxe4 11. Nd2 d5 12. e3 Nc6 13. a3 a5 14. f3 exf3 15. Rxf3
Qd6 16. e4 Rxf3 17. Bxf3 Bg5 18. exd5 Be3+ 19. Kh1 Nxd4 20. Ne4 Qf8 21. Bg2
exd5 22. cxd5 Nf5 23. Qd3 Bh6 24. Nf6+ gxf6 25. Qxf5 Bg7 26. Be4 Qf7 27. Rd1
Rd8 28. a4 c5 29. Qxh7+ Kf8 30. Qf5 Rd6 31. h4 Qe8 32. Bc1 Bc8 33. Qf3 Qd7 34.
Bf4 Qh3+ 35. Kg1 Rd8 36. Qg2 Qg4 37. Bf3 Qf5 38. Bc7 Re8 39. Bxb6 Bb7 40. Bxc5+
Kg8 41. Be2 Qc2 42. Bf3 Qxc5+ 43. Kh2 Bf8 44. Rf1 Bd6 45. Qd2 Re3 46. Kg2 Qb6
47. Qc2 Qc7 48. Qxc7 Bxc7 49. Rb1 Bd6 50. g4 Rd3 51. g5 Rd2+ 52. Kg1 f5 53. h5
f4 54. h6 Bc5+ 55. Kh1 Bxd5 56. Bxd5+ Rxd5 57. Kg2 Rxg5+ 58. Kf3 Bd6 59. Rd1
Rg6 60. Rd5 Rxh6 61. Rxa5 Rh3+ 62. Ke4 Rxb3 63. Ra6 Bb8 64. Kf5 Kf7 0-1

[Event "France - Open A"]
[Site "Chartres"]
[Date "2019.08.18"]
[Round "2.43"]
[White "Calvo, Dylan"]
[Black "Emmenecker, Philippe"]
[Result "0-1"]
[WhiteElo "1975"]
[BlackElo "2098"]
[PlyCount "130"]
[EventDate "2019.08.??"]
[EventType "swiss"]
[EventRounds "9"]
[EventCountry "FRA"]
[WhiteTeam "Echiquier Tressois"]
[BlackTeam "Issy-Les-Moulineaux"]

1. d4 Nf6 2. c4 g6 3. Nc3 Bg7 4. e4 d6 5. Nf3 O-O 6. Be2 Nbd7 7. O-O e5 8. d5
Nc5 9. Qc2 a5 10. Be3 b6 11. Bxc5 bxc5 12. Ne1 Bg4 13. Nd3 Bxe2 14. Qxe2 Nh5
15. Rab1 Nf4 16. Nxf4 exf4 17. Qg4 Be5 18. Rfd1 h5 19. Qf3 Kg7 20. Rd3 Rh8 21.
g3 fxg3 22. fxg3 h4 23. Rf1 Qe7 24. g4 h3 25. Kh1 Rae8 26. Rd2 Kg8 27. Re2 Rh4
28. Nd1 Rf8 29. Ne3 Qg5 30. Rg1 Qf4 31. Qxf4 Bxf4 32. Nd1 Be5 33. Nf2 Re8 34.
Nd3 Bd4 35. Rg3 Kg7 36. Nc1 a4 37. Nd3 Rb8 38. Rc2 Re8 39. Re2 Rb8 40. Rc2 Kf6
41. Nf4 Rbh8 42. Nd3 Kg5 43. Nf2 Bxf2 44. Rxf2 R8h7 45. Rff3 Rxg4 46. Ra3 Rhh4
47. Rxa4 Rxg3 48. hxg3 Rxe4 49. Ra3 Kg4 50. Rb3 Rxc4 51. Kh2 Rc2+ 52. Kh1 c4
53. Rc3 Rxb2 54. Rxc4+ Kxg3 55. Rc3+ Kh4 56. Rc4+ Kh5 57. a4 g5 58. Rxc7 f5 59.
a5 Ra2 60. Rc6 Rxa5 61. Rxd6 g4 62. Kh2 f4 63. Rf6 Ra2+ 64. Kh1 Kg5 65. Rf8 g3
0-1

[Event "France - Open A"]
[Site "Chartres"]
[Date "2019.08.18"]
[Round "2.44"]
[White "Venard, Gautier"]
[Black "Boulos, Carlos"]
[Result "0-1"]
[WhiteElo "1968"]
[BlackElo "2078"]
[PlyCount "58"]
[EventDate "2019.08.??"]
[EventType "swiss"]
[EventRounds "9"]
[EventCountry "FRA"]
[WhiteTeam "Vandoeuvre-Echecs"]
[BlackTeam "J.E.E.N."]

1. c4 f5 2. d4 Nf6 3. Nc3 d6 4. Nf3 g6 5. g3 Bg7 6. Bg2 O-O 7. O-O Nc6 8. d5
Na5 9. Nd2 c5 10. Qc2 e5 11. a3 b6 12. b4 Nb7 13. f4 exf4 14. Rxf4 Ng4 15. Bb2
Ne3 16. Qd3 Qe7 17. Rf3 Nxg2 18. Kxg2 Nd8 19. e4 Nf7 20. Re3 Ne5 21. Qc2 Bh6
22. Re2 f4 23. Rf1 f3+ 24. Nxf3 Nxf3 25. Rxf3 Rxf3 26. Kxf3 Bh3 27. Re1 Qf6+
28. Ke2 Bg4+ 29. Kd3 Qd4# 0-1

[Event "France - Open A"]
[Site "Chartres"]
[Date "2019.08.18"]
[Round "2.45"]
[White "Hernandez, Lara"]
[Black "Rode, Antony"]
[Result "0-1"]
[WhiteElo "1965"]
[BlackElo "2076"]
[PlyCount "48"]
[EventDate "2019.08.??"]
[EventType "swiss"]
[EventRounds "9"]
[EventCountry "FRA"]
[WhiteTeam "Echiquier Agenais"]
[BlackTeam "Club d'Echecs du Vesinet"]

1. e4 c5 2. Nf3 Nc6 3. c3 d5 4. exd5 Qxd5 5. d4 Bf5 6. Be3 cxd4 7. cxd4 Bxb1 8.
Qxb1 e5 9. dxe5 Bb4+ 10. Bd2 Bxd2+ 11. Nxd2 O-O-O 12. Qf5+ Kb8 13. O-O-O Nge7
14. Qf4 Ng6 15. Qg3 Qxa2 16. Bc4 Qa4 17. Bb3 Qa1+ 18. Nb1 Nd4 19. Rd2 Rc8+ 20.
Bc2 Nxc2 21. Rxc2 Rxc2+ 22. Kxc2 Rc8+ 23. Kb3 Rc6 24. Rd1 Rb6+ 0-1

[Event "France - Open A"]
[Site "Chartres"]
[Date "2019.08.18"]
[Round "2.46"]
[White "Saya, Ethan"]
[Black "Gonzalez, Loic"]
[Result "0-1"]
[WhiteElo "2068"]
[BlackElo "1971"]
[PlyCount "137"]
[EventDate "2019.08.??"]
[EventType "swiss"]
[EventRounds "9"]
[EventCountry "FRA"]
[WhiteTeam "Echiquier Grenoblois"]
[BlackTeam "AGJA-Echiquier Aquitaine"]

1. e4 e5 2. Nf3 Nc6 3. Bc4 Bc5 4. c3 Nf6 5. d3 d6 6. Bb3 a6 7. Nbd2 h6 8. Nf1
Bg4 9. Ng3 Qd7 10. h3 Be6 11. Bc2 d5 12. Qe2 dxe4 13. dxe4 b5 14. Be3 Bc4 15.
Qd2 Qxd2+ 16. Nxd2 Bxe3 17. Nxc4 Bf4 18. Ne2 O-O-O 19. Ne3 Bxe3 20. fxe3 Rd6
21. Rd1 Rxd1+ 22. Kxd1 Rd8+ 23. Ke1 Na5 24. b3 Nb7 25. g4 Nd6 26. Ng3 a5 27.
Ke2 b4 28. Bd3 Kb7 29. a4 bxa3 30. Ra1 Kb6 31. Rxa3 c5 32. Ra4 g6 33. Nf1 h5
34. g5 Nh7 35. h4 f6 36. gxf6 Nxf6 37. Nd2 Ng4 38. b4 cxb4 39. cxb4 axb4 40.
Rxb4+ Kc7 41. Ra4 Rb8 42. Ra7+ Rb7 43. Ra8 Rb8 44. Ra2 Rb4 45. Nc4 Nxc4 46.
Ra7+ Kd6 47. Rg7 Rb2+ 48. Kf3 Ncxe3 49. Rxg6+ Kc5 50. Be2 Nc2 51. Bf1 Nh2+ 52.
Kf2 Nd4+ 53. Kg1 Ndf3+ 54. Kh1 Ng4 55. Be2 Nxh4 56. Rxg4 hxg4 57. Bxg4 Kd4 58.
Bf3 Rb1+ 59. Kh2 Nxf3+ 60. Kg3 Kxe4 61. Kf2 Kd3 62. Kg3 e4 63. Kg2 e3 64. Kh3
e2 65. Kg2 e1=Q 66. Kh3 Qh4+ 67. Kg2 Rb2+ 68. Kxf3 Qe4+ 69. Kg3 0-1

[Event "France - Open A"]
[Site "Chartres"]
[Date "2019.08.18"]
[Round "2.47"]
[White "Bourges, Jerome"]
[Black "Schweitzer, Olaf"]
[Result "1-0"]
[WhiteElo "1962"]
[BlackElo "2065"]
[PlyCount "49"]
[EventDate "2019.08.??"]
[EventType "swiss"]
[EventRounds "9"]
[EventCountry "FRA"]
[WhiteTeam "USAM Echiquier Brestois"]
[BlackTeam "Championnat de France 2019"]

1. d4 d5 2. Nf3 Nf6 3. c4 dxc4 4. e3 e6 5. Bxc4 c5 6. O-O a6 7. a4 Nc6 8. Qe2
Be7 9. Rd1 cxd4 10. exd4 O-O 11. Nc3 Nb4 12. Ne5 Nfd5 13. Qg4 f5 14. Qe2 b6 15.
Nd3 Nc6 16. Ne5 Ncb4 17. Na2 Bb7 18. Nxb4 Bxb4 19. Nc6 Qd6 20. Nxb4 Qxb4 21.
Qxe6+ Kh8 22. Bxd5 Rae8 23. Bd2 Qxb2 24. Qd7 Bc8 25. Qc7 1-0

[Event "France - Open A"]
[Site "Chartres"]
[Date "2019.08.18"]
[Round "2.48"]
[White "Juran, Baptiste"]
[Black "Fruteau, Sabine"]
[Result "1-0"]
[WhiteElo "2038"]
[BlackElo "1968"]
[PlyCount "49"]
[EventDate "2019.08.??"]
[EventType "swiss"]
[EventRounds "9"]
[EventCountry "FRA"]
[WhiteTeam "Cercle d'Echecs de Villepinte"]
[BlackTeam "Orcher la Tour"]

1. e4 d5 2. exd5 Qxd5 3. Nc3 Qd6 4. d4 Nf6 5. Nf3 a6 6. Be2 e6 7. O-O Be7 8. a4
Nc6 9. Be3 Nb4 10. Ne5 Nfd5 11. Nxd5 Nxd5 12. c4 Nxe3 13. fxe3 Bf6 14. Bh5 Bxe5
15. dxe5 Qxd1 16. Bxf7+ Ke7 17. Raxd1 g6 18. Rf6 b5 19. a5 bxc4 20. Rc1 Bd7 21.
Rxc4 Rac8 22. h4 Rhf8 23. Rd4 Rb8 24. Rdf4 Rb5 25. Bxg6 1-0

[Event "France - Open A"]
[Site "Chartres"]
[Date "2019.08.18"]
[Round "2.49"]
[White "Muller, Matthieu"]
[Black "Batteux, Mickael"]
[Result "1/2-1/2"]
[WhiteElo "1953"]
[BlackElo "2037"]
[PlyCount "89"]
[EventDate "2019.08.??"]
[EventType "swiss"]
[EventRounds "9"]
[EventCountry "FRA"]
[WhiteTeam "Mulhouse Philidor"]
[BlackTeam "Fillé sur Sarthe"]

1. b3 d5 2. Bb2 Nf6 3. e3 g6 4. Be2 Bg7 5. g4 h6 6. f4 Nc6 7. h3 e5 8. Nf3 e4
9. Nd4 Nd7 10. O-O Nxd4 11. Bxd4 Bxd4 12. exd4 Qf6 13. c3 Qh4 14. Kg2 h5 15.
Qe1 hxg4 16. Qxh4 Rxh4 17. hxg4 Nf6 18. Kg3 Rh8 19. Na3 Bd7 20. Rh1 O-O-O 21.
Nc2 Rdg8 22. Ne3 c6 23. g5 Ne8 24. Bg4 Nd6 25. Rh6 f5 26. Rxh8 Rxh8 27. Bh3 Kd8
28. Rh1 Ke7 29. a4 Be6 30. a5 a6 31. Rh2 Kf7 32. Kg2 Kg7 33. Kg1 Rh4 34. Ng2
Rh8 35. Ne3 Rh4 36. Ng2 Rh8 37. Ne3 Rc8 38. b4 Rh8 39. Bf1 Rxh2 40. Kxh2 Kf7
41. Kg3 Ke7 42. Kf2 Kd7 43. Nd1 Kc7 44. Nb2 Bf7 45. Na4 1/2-1/2

[Event "France - Open A"]
[Site "Chartres"]
[Date "2019.08.18"]
[Round "2.50"]
[White "Derouineau, Jacques"]
[Black "Guillerm, Mischa"]
[Result "1/2-1/2"]
[WhiteElo "2037"]
[BlackElo "1960"]
[PlyCount "89"]
[EventDate "2019.08.??"]
[EventType "swiss"]
[EventRounds "9"]
[EventCountry "FRA"]
[WhiteTeam "C'Chartres Echecs"]
[BlackTeam "U.S. Orléans.Echecs"]

1. e4 e5 2. Nc3 Nf6 3. g3 d5 4. exd5 Nxd5 5. Bg2 Nxc3 6. bxc3 Nc6 7. d3 Bc5 8.
Nf3 O-O 9. O-O Bb6 10. a4 Bg4 11. h3 Bh5 12. g4 Bg6 13. a5 Bxa5 14. Nxe5 Bxc3
15. Nxc6 bxc6 16. Ra6 Rb8 17. Qf3 Bd4 18. Be3 Bb6 19. Bxb6 cxb6 20. Rxa7 c5 21.
Re1 Re8 22. Raa1 Rxe1+ 23. Rxe1 c4 24. dxc4 Bxc2 25. Qf4 Bg6 26. Re7 h6 27. Ra7
Rc8 28. Bd5 Kh8 29. Rb7 Rc5 30. Kg2 Rxd5 31. Rb8 Rd4 32. Rxd8+ Rxd8 33. Qc7 Rd4
34. Qxb6 Rxc4 35. Qa7 Kh7 36. Kg3 Rc3+ 37. Kg2 Be4+ 38. Kh2 Bg6 39. Qd4 Rd3 40.
Qc5 Rd2 41. h4 Rc2 42. Qd4 h5 43. gxh5 Bxh5 44. Kg3 Bg6 45. Kg2 1/2-1/2

[Event "France - Open A"]
[Site "Chartres"]
[Date "2019.08.18"]
[Round "2.51"]
[White "Prevot, Rodolphe"]
[Black "Corgeron, Jean-Luc"]
[Result "0-1"]
[WhiteElo "1933"]
[BlackElo "2036"]
[PlyCount "64"]
[EventDate "2019.08.??"]
[EventType "swiss"]
[EventRounds "9"]
[EventCountry "FRA"]
[WhiteTeam "A.A.J. Blois"]
[BlackTeam "Club Avenir St Georges Section Echecs "]

1. Nf3 g6 2. g3 Bg7 3. Bg2 d5 4. c4 d4 5. d3 e5 6. O-O Ne7 7. e3 O-O 8. exd4
exd4 9. Re1 Nbc6 10. Na3 Bg4 11. h3 Bf5 12. Nc2 a5 13. b3 h5 14. a3 Qd7 15. Kh2
Ra6 16. Bf4 f6 17. h4 Bg4 18. Qb1 Rb6 19. Ra2 Bf5 20. Bf1 Bg4 21. Ncxd4 Ne5 22.
Bg2 c5 23. Nxe5 fxe5 24. Bxe5 cxd4 25. c5 Re6 26. Bd6 Rf7 27. b4 axb4 28. axb4
Bf3 29. Bh3 Nf5 30. Bxf5 Rxe1 31. Bxd7 Rxb1 32. Be6 Rh1# 0-1

[Event "France - Open A"]
[Site "Chartres"]
[Date "2019.08.19"]
[Round "3.3"]
[White "Rivalin, Kenny"]
[Black "Weibel, Theo"]
[Result "1/2-1/2"]
[WhiteElo "2184"]
[BlackElo "2081"]
[PlyCount "62"]
[EventDate "2019.08.??"]
[EventType "swiss"]
[EventRounds "9"]
[EventCountry "FRA"]
[WhiteTeam "Tremblay en France"]
[BlackTeam "Echiquier Club Le Mans"]

1. e4 c5 2. Nf3 Nc6 3. Nc3 d6 4. d4 cxd4 5. Nxd4 e5 6. Nb3 Be7 7. Be3 Be6 8.
Qd2 Nf6 9. f3 d5 10. exd5 Nxd5 11. Nxd5 Qxd5 12. Qxd5 Bxd5 13. O-O-O O-O-O 14.
Bb5 Kc7 15. Rhe1 a6 16. Bf1 f5 17. Nc5 h6 18. Kb1 Bh4 19. g3 Bg5 20. f4 exf4
21. Bxf4+ Bxf4 22. gxf4 g5 23. Bd3 gxf4 24. Bxf5 Bc4 25. Rxd8 Rxd8 26. b3 Bg8
27. Nd3 Rf8 28. Be4 Nd4 29. c3 Nb5 30. Kc2 Nd6 31. Bf3 Rf5 1/2-1/2

[Event "France - Open A"]
[Site "Chartres"]
[Date "2019.08.19"]
[Round "3.5"]
[White "Bleuzen, Erwan"]
[Black "Da Silva, Quentin"]
[Result "1/2-1/2"]
[WhiteElo "2013"]
[BlackElo "2161"]
[PlyCount "64"]
[EventDate "2019.08.??"]
[EventType "swiss"]
[EventRounds "9"]
[EventCountry "FRA"]
[WhiteTeam "Echiquier Gouesnousien"]
[BlackTeam "U.S.Villejuif Echecs"]

1. d4 Nf6 2. c4 g6 3. Nc3 Bg7 4. e4 d6 5. Nf3 O-O 6. Be2 e5 7. dxe5 dxe5 8.
Qxd8 Rxd8 9. Bg5 Re8 10. Nd5 Nxd5 11. cxd5 c6 12. Bc4 cxd5 13. Bxd5 Nc6 14. a3
Be6 15. Bxc6 bxc6 16. Rc1 Reb8 17. b4 a5 18. Bd2 axb4 19. Bxb4 Bh6 20. Nd2 Rb5
21. Ke2 Rc8 22. Rc5 Rxc5 23. Bxc5 Rd8 24. Rd1 f5 25. f3 Bxd2 26. Rxd2 Bc4+ 27.
Ke1 Rxd2 28. Kxd2 Kf7 29. g3 Ke6 30. h4 Bb5 31. Ke3 Ba4 32. Bb4 Bb5 1/2-1/2

[Event "France - Open A"]
[Site "Chartres"]
[Date "2019.08.19"]
[Round "3.6"]
[White "Veron, Cyprien"]
[Black "Guignier, Nicolas"]
[Result "1/2-1/2"]
[WhiteElo "2012"]
[BlackElo "2151"]
[PlyCount "83"]
[EventDate "2019.08.??"]
[EventType "swiss"]
[EventRounds "9"]
[EventCountry "FRA"]
[WhiteTeam "Saint Hilaire Petitville"]
[BlackTeam "Dijon Echiquier des Ducs"]

1. Nf3 Nf6 2. c4 c5 3. d4 cxd4 4. Nxd4 e5 5. Nb5 d5 6. cxd5 Bc5 7. N5c3 O-O 8.
g3 Qb6 9. e3 e4 10. Nd2 Re8 11. Bg2 Bg4 12. Qc2 Na6 13. a3 Rac8 14. O-O Bf5 15.
Qa4 Bf8 16. h3 Bg6 17. Kh2 Nc5 18. Qd1 h5 19. f4 exf3 20. Bxf3 Nd3 21. e4 h4
22. gxh4 Bd6+ 23. Kg2 Bb8 24. Bg4 Qd6 25. Rf3 Qh2+ 26. Kf1 Nxg4 27. hxg4 Bg3
28. h5 Rxc3 29. hxg6 Nf4 30. gxf7+ Kxf7 31. Rxf4+ Bxf4 32. bxc3 Qh1+ 33. Ke2
Qg2+ 34. Kd3 Bxd2 35. Qe2 Qxe2+ 36. Kxe2 Bxc1 37. Rxc1 Rxe4+ 38. Kd3 Rxg4 39.
Re1 b5 40. d6 Rg6 41. Re7+ Kf8 42. Rd7 1/2-1/2

[Event "France - Open A"]
[Site "Chartres"]
[Date "2019.08.19"]
[Round "3.7"]
[White "Amoyal, Pierre"]
[Black "Marchais, Antoine"]
[Result "1-0"]
[WhiteElo "2093"]
[BlackElo "1975"]
[PlyCount "69"]
[EventDate "2019.08.??"]
[EventType "swiss"]
[EventRounds "9"]
[EventCountry "FRA"]
[WhiteTeam "Agneaux Saint-Lô"]
[BlackTeam "Rennes Paul Bert"]

1. d4 e6 2. c4 f5 3. g3 Nf6 4. Bg2 Be7 5. Nh3 O-O 6. O-O d6 7. b3 c6 8. Bb2 Na6
9. Nd2 Qe8 10. Nf4 d5 11. Nf3 Nc7 12. Qc2 Nh5 13. Qc3 Rf6 14. Bc1 Bd6 15. Nd3
h6 16. Nfe5 g5 17. f3 f4 18. g4 Ng7 19. e3 fxe3 20. Bxe3 Bd7 21. f4 gxf4 22.
Rxf4 Rxf4 23. Bxf4 h5 24. h3 Rd8 25. Rf1 dxc4 26. bxc4 b5 27. c5 Bxe5 28. Bxe5
Nd5 29. Qe1 hxg4 30. Qh4 Qe7 31. Qh6 Rf8 32. Rxf8+ Qxf8 33. Be4 Ne7 34. hxg4 a5
35. Bh7+ 1-0

[Event "France - Open A"]
[Site "Chartres"]
[Date "2019.08.19"]
[Round "3.8"]
[White "Derige Kane, Yan"]
[Black "Kieffer, Anatole"]
[Result "1-0"]
[WhiteElo "2156"]
[BlackElo "1973"]
[PlyCount "103"]
[EventDate "2019.08.??"]
[EventType "swiss"]
[EventRounds "9"]
[EventCountry "FRA"]
[WhiteTeam "Marseille Passion Echecs"]
[BlackTeam "Evry Grand Roque"]

1. e4 d5 2. exd5 Qxd5 3. Nf3 Bg4 4. Be2 Nc6 5. d4 Nf6 6. h3 Bxf3 7. Bxf3 Qe6+
8. Be3 Nd5 9. Bxd5 Qxd5 10. O-O e6 11. Nc3 Qf5 12. Ne2 Bd6 13. c4 O-O 14. Qb3
b5 15. Rad1 Rfe8 16. d5 exd5 17. Rxd5 Re5 18. Rd3 Rae8 19. Rfd1 Re4 20. Rxd6
cxd6 21. Ng3 Qd7 22. Nxe4 Rxe4 23. Qd3 Re6 24. Bf4 Ne5 25. Bxe5 Rxe5 26. Qxd6
Qxd6 27. Rxd6 Re1+ 28. Kh2 Kf8 29. Rd8+ Ke7 30. Ra8 a5 31. Ra7+ Ke8 32. Rb7 Rc1
33. b3 Rc2 34. a3 Rxf2 35. Rxb5 a4 36. bxa4 Rc2 37. Rb4 Rc3 38. a5 Rxa3 39. Rb5
g6 40. Kg1 h5 41. Kf2 Kd7 42. Ke2 Rc3 43. a6 Rxc4 44. Ra5 Rc8 45. a7 Ra8 46.
Ke3 Kc6 47. Ke4 Kb6 48. Ra2 f6 49. Kd5 g5 50. Ke6 g4 51. h4 Rxa7 52. Rxa7 1-0

[Event "France - Open A"]
[Site "Chartres"]
[Date "2019.08.19"]
[Round "3.9"]
[White "Poulet, Benoit"]
[Black "Bordais, Benjamin"]
[Result "0-1"]
[WhiteElo "2048"]
[BlackElo "2137"]
[PlyCount "56"]
[EventDate "2019.08.??"]
[EventType "swiss"]
[EventRounds "9"]
[EventCountry "FRA"]
[WhiteTeam "Echiquier des Lions - Lyon Oullins"]
[BlackTeam "A.C.L. Orbec Echecs"]

1. d4 d5 2. c4 dxc4 3. e4 b5 4. a4 c6 5. Nc3 b4 6. Nce2 Nf6 7. Ng3 h5 8. h4 e5
9. Nf3 Bg4 10. dxe5 Qxd1+ 11. Kxd1 Nfd7 12. Bf4 Bc5 13. Ke1 Bxf3 14. gxf3 Bd4
15. Bxc4 Nxe5 16. Nf5 Bxb2 17. Bxe5 Bxe5 18. Rd1 g6 19. Nd6+ Bxd6 20. Rxd6 Ke7
21. e5 Nd7 22. f4 Nb6 23. Bb3 Rhd8 24. Rxc6 Rac8 25. Rxc8 Rxc8 26. Rh3 a5 27.
Rd3 Rc7 28. Ke2 Nd7 0-1

[Event "France - Open A"]
[Site "Chartres"]
[Date "2019.08.19"]
[Round "3.10"]
[White "Frantz, Nicolas"]
[Black "Nguyen-Cadoret, Nathan"]
[Result "1/2-1/2"]
[WhiteElo "2045"]
[BlackElo "2122"]
[PlyCount "102"]
[EventDate "2019.08.??"]
[EventType "swiss"]
[EventRounds "9"]
[EventCountry "FRA"]
[WhiteTeam "Vandoeuvre-Echecs"]
[BlackTeam "Cercle d'Echecs de Villepinte"]

1. e4 e5 2. Nf3 Nc6 3. Bb5 a6 4. Ba4 Nf6 5. O-O Be7 6. Re1 b5 7. Bb3 d6 8. c3
O-O 9. h3 Nb8 10. d4 Nbd7 11. Nbd2 Bb7 12. Bc2 Re8 13. Nf1 Bf8 14. Ng3 g6 15.
a4 c5 16. d5 c4 17. Bg5 h6 18. Be3 Qc7 19. Qd2 Kh7 20. Nh2 Bg7 21. Ng4 h5 22.
Nxf6+ Bxf6 23. f4 exf4 24. Bxf4 b4 25. Nxh5 b3 26. Nxf6+ Nxf6 27. Bg5 Nxd5 28.
exd5 bxc2 29. Bf6 Qc5+ 30. Bd4 Qxd5 31. Qxc2 Re4 32. Rxe4 Qxe4 33. Qf2 Kg8 34.
Re1 Qd5 35. Re2 Qg5 36. Kh2 Bc6 37. Bf6 Qf5 38. Qh4 Qh5 39. Qf2 Re8 40. Rxe8+
Bxe8 41. Qe3 Bxa4 42. Qe7 Qh6 43. Qxd6 Qe3 44. Bd4 Qe4 45. Qd8+ Be8 46. Qf6 Kf8
47. Be5 Bc6 48. Qd8+ Be8 49. Qd6+ Kg8 50. Qe7 Qc6 51. Qh4 Kf8 1/2-1/2

[Event "France - Open A"]
[Site "Chartres"]
[Date "2019.08.19"]
[Round "3.11"]
[White "Fournier, Dimitri"]
[Black "Baroyan, Davit"]
[Result "1-0"]
[WhiteElo "2034"]
[BlackElo "2094"]
[PlyCount "51"]
[EventDate "2019.08.??"]
[EventType "swiss"]
[EventRounds "9"]
[EventCountry "FRA"]
[WhiteTeam "Club du Canal St-Martin Paris"]
[BlackTeam "Marseille-Echecs"]

1. e4 e5 2. Nf3 Nc6 3. Bb5 a6 4. Ba4 Nf6 5. O-O b5 6. Bb3 Bb7 7. d3 Bd6 8. c3
O-O 9. Re1 h6 10. Nbd2 Re8 11. Nf1 Bf8 12. Ng3 d5 13. exd5 Nxd5 14. d4 Nf4 15.
Nxe5 Nxe5 16. Bxf4 Ng6 17. Qh5 Qf6 18. Bxc7 Nh4 19. Be5 Rxe5 20. dxe5 Qf4 21.
Ne2 Qe4 22. Qxf7+ Kh7 23. Qg8+ Kg6 24. Bf7+ Kg5 25. f4+ Kg4 26. h3+ 1-0

[Event "France - Open A"]
[Site "Chartres"]
[Date "2019.08.19"]
[Round "3.12"]
[White "Grandy, Aurelien"]
[Black "Henno, Francois"]
[Result "1-0"]
[WhiteElo "2032"]
[BlackElo "2077"]
[PlyCount "133"]
[EventDate "2019.08.??"]
[EventType "swiss"]
[EventRounds "9"]
[EventCountry "FRA"]
[WhiteTeam "Avinkha Club d'Echecs"]
[BlackTeam "Cercle d'Echecs de Nantes"]

1. e4 d6 2. Bc4 Nf6 3. d3 e5 4. Nf3 Be7 5. c3 O-O 6. O-O c6 7. Bb3 Nbd7 8. Re1
h6 9. Nbd2 Nh7 10. d4 Ng5 11. Nxg5 Bxg5 12. Nf3 Bxc1 13. Rxc1 Qe7 14. Re3 Nf6
15. h3 g6 16. Qe2 Nh5 17. Kh2 Nf4 18. Qd2 Kg7 19. Rd1 Re8 20. dxe5 dxe5 21. Qd6
Qxd6 22. Rxd6 f6 23. Re1 Ne6 24. Red1 Nc5 25. Bc2 Be6 26. b4 Na6 27. Nh4 Re7
28. Rxe6 Rxe6 29. Rd7+ Kf8 30. Bb3 Nb8 31. Nxg6+ Ke8 32. Rd3 Re7 33. Nxe7 Kxe7
34. Rg3 Nd7 35. Rg7+ Kd6 36. Rh7 a5 37. Rxh6 a4 38. Bd1 a3 39. Bb3 b5 40. g4 c5
41. bxc5+ Nxc5 42. Rxf6+ Ke7 43. Rf7+ Ke8 44. Bd5 Ra6 45. Rc7 Na4 46. Bc6+ Kd8
47. Rd7+ Kc8 48. Bxb5 Nxc3 49. Bxa6+ Kxd7 50. Bc4 Nxe4 51. Kg2 Ke7 52. f3 Nd6
53. Bd5 Kf6 54. h4 Nb5 55. Kf2 Ke7 56. Ke3 Kd6 57. Bb3 Nd4 58. Bd1 Nb5 59. f4
exf4+ 60. Kxf4 Ke6 61. Bb3+ Kf6 62. h5 Kg7 63. g5 Kh7 64. Bc2+ Kh8 65. Ke5 Kg7
66. h6+ Kh8 67. g6 1-0